| 000 | 00641nam a2200229 a 4500 | ||
|---|---|---|---|
| 001 | 22528 | ||
| 003 | BD-RjUL | ||
| 005 | 20211209000822.0 | ||
| 008 | 140308s1962 enk b 001 1 eng d | ||
| 035 | _a(BD-RjUL)22593 | ||
| 040 |
_aANL _beng _cANL _dBD-RjUL |
||
| 041 | _aeng | ||
| 082 | 0 | 4 |
_a895.1109 _bLIA 1962 |
| 100 | 1 |
_aLiu, James J. Y. _969563 |
|
| 245 | 1 | 4 |
_aThe art of Chinese poetry / _cby James J. Y. Liu. |
| 260 |
_aLondon : _bRoutledge, _cc1962. |
||
| 300 |
_axii, 164 p. ; _c21 cm. |
||
| 504 | _aIncludes index. | ||
| 650 | 0 |
_aChinese poetry _xHistory and criticism. _969564 |
|
| 942 |
_2ddc _cBK |
||
| 999 |
_c22528 _d22528 |
||